[Event "Wch U14 Girls"]
[Site "Montesilvano"]
[Date "2023.11.24"]
[Round "11"]
[White "Stankovic, Andrea"]
[Black "Pereira Garza, Cecilia"]
[Result "1-0"]
[WhiteElo "1768"]
[BlackElo "1479"]
[PlyCount "119"]
[EventDate "2023.11.13"]
[EventType "swiss"]
[EventRounds "11"]
[EventCountry "ITA"]
[SourceTitle "CB48_2023"]
[SourceDate "2023.11.29"]
[SourceVersion "1"]
[SourceVersionDate "2023.11.29"]
[SourceQuality "1"]

1. d4 d5 2. Nf3 Nf6 3. c4 c6 4. Nc3 e6 5. Bg5 dxc4 6. e4 b5 7. e5 h6 8. Bh4 g5 9. Nxg5 hxg5 10. Bxg5 Be7 11. exf6 Bxf6 12. Be3 Bb7 13. Ne4 Na6 14. Be2 c5 15. Bf3 Bxe4 16. Bxe4 Rc8 17. Bb7 Nb4 18. Bxc8 Nd3+ 19. Kf1 cxd4 20. Ba6 Qb6 21. Qf3 e5 22. Bxb5+ Qxb5 23. Qxf6 Rh5 24. Bxd4 c3 25. a4 Qc4 26. Kg1 Nf4 27. Re1 c2 28. Qxf4 Kf8 29. Bc5+ Qxc5 30. Qd2 e4 31. Qc3 Qxc3 32. bxc3 Rd5 33. g3 Rd1 34. Kg2 c1Q 35. Rxd1 Qxc3 36. Rhe1 Qc6 37. Re3 Qxa4 38. Rde1 Qc6 39. g4 a5 40. Rxe4 a4 41. f3 a3 42. R4e2 Qc4 43. Rd2 Kg7 44. Ra1 Qa6 45. Rda2 Kg6 46. Rxa3 Qe2+ 47. Kg3 Qe5+ 48. f4 Qb2 49. h4 f6 50. g5 f5 51. Ra6+ Kf7 52. Ra7+ Ke8 53. Ra8+ Ke7 54. Re1+ Kd7 55. Rae8 Qb3+ 56. R8e3 Qg8 57. Rd1+ Kc6 58. Rc3+ Kb5 59. Rb1+ Ka4 60. Rc7 1-0

[Event "Wch U14 Girls"]
[Site "Montesilvano"]
[Date "2023.11.17"]
[Round "5"]
[White "Huang, Jolie"]
[Black "Pereira Garza, Cecilia"]
[Result "1-0"]
[WhiteElo "1680"]
[BlackElo "1479"]
[PlyCount "33"]
[EventDate "2023.11.13"]
[EventType "swiss"]
[EventRounds "11"]
[EventCountry "ITA"]
[SourceTitle "CB48_2023"]
[SourceDate "2023.11.29"]
[SourceVersion "1"]
[SourceVersionDate "2023.11.29"]
[SourceQuality "1"]

1. d4 d5 2. c4 c6 3. Nf3 Nf6 4. e3 e6 5. Bd3 dxc4 6. Bxc4 b5 7. Bd3 a6 8. 0-0 Bd6 9. e4 Bc7 10. e5 Nd5 11. Ng5 Qe7 12. Nc3 Nxc3 13. bxc3 Bb7 14. f4 h6 15. Qh5 Qf8 16. Nxf7 Ke7 17. Ba3+ 1-0

[Event "Wch U12 Girls"]
[Site "Batumi"]
[Date "2022.09.23"]
[Round "7"]
[White "Pereira Garza, Cecilia"]
[Black "Alakbarli, Inji"]
[Result "1/2-1/2"]
[WhiteElo "1474"]
[BlackElo "1147"]
[PlyCount "70"]
[EventDate "2022.09.16"]
[EventType "swiss"]
[EventRounds "11"]
[EventCountry "GEO"]
[SourceTitle "EXT 2023"]
[Source "ChessBase"]
[SourceDate "2022.10.05"]
[SourceVersion "1"]
[SourceVersionDate "2022.10.05"]
[SourceQuality "1"]

1. d4 Nf6 2. c4 e6 3. Nf3 c5 4. d5 d6 5. Nc3 exd5 6. cxd5 Bf5 7. Bg5 Be7 8. e4 Bg6 9. Bd3 Nbd7 10. 0-0 0-0 11. Re1 Nxd5 12. Nxd5 Bxg5 13. Qa4 Ne5 14. Nxe5 dxe5 15. Rad1 a6 16. Qc4 Rc8 17. Qc3 Qd6 18. Qb3 b5 19. Bf1 Qc6 20. Qg3 Bf6 21. f4 exf4 22. Qxf4 Rfe8 23. Nxf6+ Qxf6 24. Qxf6 gxf6 25. Rd6 Rxe4 26. Rxe4 Bxe4 27. Rxa6 Bc6 28. Rb6 b4 29. Bb5 Bxb5 30. Rxb5 Ra8 31. a3 bxa3 32. bxa3 Rxa3 33. Rxc5 Ra2 34. Rc3 Kg7 35. Rg3+ Kh6 1/2-1/2

[Event "Wch U12 Girls"]
[Site "Batumi"]
[Date "2022.09.20"]
[Round "5"]
[White "Valiyeva, Asnad"]
[Black "Pereira Garza, Cecilia"]
[Result "1-0"]
[WhiteElo "1265"]
[BlackElo "1474"]
[PlyCount "51"]
[EventDate "2022.09.16"]
[EventType "swiss"]
[EventRounds "11"]
[EventCountry "GEO"]
[SourceTitle "EXT 2023"]
[Source "ChessBase"]
[SourceDate "2022.10.05"]
[SourceVersion "1"]
[SourceVersionDate "2022.10.05"]
[SourceQuality "1"]

1. d4 d5 2. Bf4 c5 3. e3 Nf6 4. c3 Bf5 5. Qb3 Qc8 6. Nd2 e6 7. Ngf3 Nc6 8. Ne5 Be7 9. Qa4 0-0 10. Nxc6 bxc6 11. Ba6 Qd7 12. Nb3 c4 13. Na5 Bd6 14. Bxd6 Qxd6 15. b3 cxb3 16. axb3 c5 17. Nb7 Qc7 18. Nxc5 Ne4 19. Qa5 Qxa5 20. Rxa5 Nxc3 21. f3 e5 22. dxe5 Bc8 23. Kd2 Bxa6 24. Kxc3 Bc8 25. Rha1 Be6 26. Rxa7 1-0

[Event "Wch U12 Girls"]
[Site "Batumi"]
[Date "2022.09.19"]
[Round "4"]
[White "Pereira Garza, Cecilia"]
[Black "Diloyan, Angelina"]
[Result "1-0"]
[WhiteElo "1474"]
[BlackElo "1207"]
[PlyCount "91"]
[EventDate "2022.09.16"]
[EventType "swiss"]
[EventRounds "11"]
[EventCountry "GEO"]
[SourceTitle "EXT 2023"]
[Source "ChessBase"]
[SourceDate "2022.10.05"]
[SourceVersion "1"]
[SourceVersionDate "2022.10.05"]
[SourceQuality "1"]

1. d4 Nf6 2. c4 c5 3. d5 e6 4. Nc3 exd5 5. cxd5 d6 6. e4 g6 7. Bc4 Bg7 8. f4 0-0 9. Nf3 Qe7 10. Qc2 Nbd7 11. 0-0 Nb6 12. Bd3 Re8 13. Re1 Bg4 14. Qf2 Bxf3 15. Qxf3 Nbxd5 16. Nxd5 Nxd5 17. Bd2 Nb4 18. Bxb4 cxb4 19. Rab1 a6 20. Qg3 Rac8 21. f5 Be5 22. Qf3 Bd4+ 23. Kh1 d5 24. Re2 Qg5 25. Rbe1 Rc1 26. fxg6 Rxe1+ 27. Rxe1 hxg6 28. Rf1 f6 29. exd5 Re3 30. Qd1 Be5 31. Qc2 Kg7 32. Bc4 b5 33. Bb3 Qg4 34. Qc5 Re2 35. Qe7+ Kh6 36. Qf8+ Kg5 37. Rg1 Qf4 38. Qh8 Rxb2 39. Qh3 a5 40. d6 Bxd6 41. Bd5 Rd2 42. Bc6 Rd3 43. g3 Qg4 44. Qh8 Bc5 45. h4+ Kf5 46. Qc8+ 1-0

[Event "NED-ch U12 op"]
[Site "Borne"]
[Date "2019.08.10"]
[Round "13"]
[White "Sapulette, Jay Giani"]
[Black "Pereira Garza, Cecilia"]
[Result "0-1"]
[WhiteElo "908"]
[BlackElo "966"]
[PlyCount "78"]
[EventDate "2019.08.05"]
[EventType "swiss"]
[EventRounds "13"]
[EventCountry "NED"]
[SourceTitle "EXT 2020"]
[Source "ChessBase"]
[SourceDate "2019.10.17"]
[SourceVersion "1"]
[SourceVersionDate "2019.10.17"]
[SourceQuality "1"]

1. e4 e6 2. d4 d5 3. Nd2 c5 4. c3 Nc6 5. Bd3 cxd4 6. cxd4 Nxd4 7. Qa4+ Nc6 8. Bb5 Bd7 9. Ngf3 Bb4 10. 0-0 Bxd2 11. Nxd2 Nf6 12. Re1 0-0 13. e5 Ng4 14. Qxg4 Nxe5 15. Rxe5 Bxb5 16. Nb3 Qf6 17. Qg5 Qxg5 18. Rxg5 Bc4 19. Rg3 Bxb3 20. axb3 Rfd8 21. Bh6 g6 22. h4 d4 23. h5 e5 24. Bg5 Rd6 25. h6 d3 26. Rd1 e4 27. Re3 f5 28. f3 Re6 29. f4 Rc8 30. Kf2 Rc2+ 31. Ke1 Rd6 32. g3 Rxb2 33. b4 Rd4 34. Bf6 Rdxb4 35. Bxb2 Rxb2 36. g4 fxg4 37. Rxe4 g3 38. Re3 g2 39. Rg3 Re2# 0-1

[Event "NED-ch U12 op"]
[Site "Borne"]
[Date "2019.08.08"]
[Round "8"]
[White "Geldof, Wouter"]
[Black "Pereira Garza, Cecilia"]
[Result "0-1"]
[WhiteElo "892"]
[BlackElo "966"]
[PlyCount "94"]
[EventDate "2019.08.05"]
[EventType "swiss"]
[EventRounds "13"]
[EventCountry "NED"]
[SourceTitle "EXT 2020"]
[Source "ChessBase"]
[SourceDate "2019.10.17"]
[SourceVersion "1"]
[SourceVersionDate "2019.10.17"]
[SourceQuality "1"]

1. e4 e6 2. d4 d5 3. Nc3 Bb4 4. Bd3 Nc6 5. Nf3 Nf6 6. exd5 exd5 7. 0-0 0-0 8. Bg5 Bg4 9. Be2 Re8 10. h3 Bh5 11. Re1 Qd6 12. Nd2 Bxe2 13. Rxe2 Nxd4 14. Rxe8+ Rxe8 15. Nb3 Bxc3 16. bxc3 Ne2+ 17. Kh1 Nxc3 18. Qd3 Nce4 19. Qf3 Nxg5 20. Qd3 Nfe4 21. Kg1 c5 22. Qe3 d4 23. Qd3 Qf4 24. Rf1 h6 25. Qe2 Re6 26. Nc1 Nd2 27. Nd3 Rxe2 28. Nxf4 Nxf1 29. Nxe2 Nd2 30. Kh2 Nge4 31. f3 Nc3 32. Nxc3 dxc3 33. Kg3 Nb1 34. Kf2 Na3 35. Ke3 Nxc2+ 36. Kd3 Nb4+ 37. Kxc3 Nxa2+ 38. Kc4 b6 39. Kb3 Nb4 40. Kc4 a5 41. Kb5 Kh7 42. g3 Kg6 43. Ka4 c4 44. Ka3 c3 45. Kb3 c2 46. Kb2 a4 47. g4 a3+ 0-1

[Event "NED-ch U12 op"]
[Site "Borne"]
[Date "2019.08.06"]
[Round "2"]
[White "Pereira Garza, Cecilia"]
[Black "Kazarjan, Gachatur"]
[Result "0-1"]
[WhiteElo "966"]
[BlackElo "1542"]
[PlyCount "66"]
[EventDate "2019.08.05"]
[EventType "swiss"]
[EventRounds "13"]
[EventCountry "NED"]
[SourceTitle "EXT 2020"]
[Source "ChessBase"]
[SourceDate "2019.10.17"]
[SourceVersion "1"]
[SourceVersionDate "2019.10.17"]
[SourceQuality "1"]

1. d4 e6 2. e4 d5 3. Nc3 Nc6 4. Nf3 Bb4 5. e5 f6 6. Bb5 a6 7. Bxc6+ bxc6 8. 0-0 c5 9. exf6 Nxf6 10. Re1 0-0 11. Bg5 Qd6 12. Qd3 cxd4 13. Nxd4 Qb6 14. Qe3 Bc5 15. Rad1 Ng4 16. Qe2 Bxd4 17. Qxg4 Bxf2+ 18. Kh1 Bxe1 19. Rxe1 Qf2 20. Rg1 a5 21. Qd1 Ba6 22. Qe1 Qb6 23. Na4 Qd4 24. Nc3 Kh8 25. Be3 Qc4 26. b3 Qf1 27. Qxf1 Bxf1 28. Nd1 e5 29. Bf2 Be2 30. Bg3 e4 31. Bxc7 Rac8 32. Bd6 Rf6 33. Be5 Rf5 0-1